000 00399nam a2200145 4500
999 _c510355
_d510355
008 190812b ||||| |||| 00| 0 eng d
100 _aPokharna, Ravi
_98184
245 _aGovernment initiatives for youth in North-East and J&K
260 _c2019
300 _ap.54-56.
650 _aYouth - Jammu and Kashmir
_98185
773 _aKurukshetra
906 _aYouth - North East
942 _2ddc
_cAR